[Event "TUR-chT Clubs"]
[Site "Konya"]
[Date "2019.07.18"]
[Round "4.24"]
[White "Sari, Emircan"]
[Black "Mertoglu, Huseyin"]
[Result "0-1"]
[WhiteElo "1355"]
[BlackElo "1461"]
[PlyCount "58"]
[EventDate "2019.07.16"]
[EventType "team-swiss"]
[EventRounds "9"]
[EventCountry "TUR"]
[SourceTitle "CBM 191 Extra"]
[Source "ChessBase"]
[SourceDate "2019.09.30"]
[SourceVersion "1"]
[SourceVersionDate "2019.09.30"]
[SourceQuality "1"]
[WhiteTeam "Dumlupinar Turk"]
[BlackTeam "Edeler Gorme Engelliler"]
[WhiteTeamCountry "TUR"]
[BlackTeamCountry "TUR"]

1. e4 e6 2. d4 d5 3. e5 c5 4. c3 Nc6 5. Nf3 Qb6 6. a3 Bd7 7. Be2 Rc8 8. 0-0 cxd4 9. cxd4 Nge7 10. Nc3 Nf5 11. Na4 Qc7 12. b4 Nfxd4 13. Nxd4 Nxd4 14. Qxd4 Bxa4 15. Qxa7 Bd7 16. Be3 Qxe5 17. Rac1 Bd6 18. g3 Rxc1 19. Rxc1 0-0 20. Qxb7 d4 21. Bf4 Qxe2 22. Bxd6 d3 23. Bxf8 d2 24. Ra1 d1Q+ 25. Rxd1 Qxd1+ 26. Kg2 Kxf8 27. Qc7 Qd5+ 28. Kg1 g6 29. Qb8+ Kg7 0-1

[Event "TUR-chT Clubs"]
[Site "Konya"]
[Date "2019.07.17"]
[Round "2.21"]
[White "Atban, Hayrettin"]
[Black "Mertoglu, Huseyin"]
[Result "0-1"]
[WhiteElo "1438"]
[BlackElo "1461"]
[PlyCount "58"]
[EventDate "2019.07.16"]
[EventType "team-swiss"]
[EventRounds "9"]
[EventCountry "TUR"]
[SourceTitle "CBM 191 Extra"]
[Source "ChessBase"]
[SourceDate "2019.09.30"]
[SourceVersion "1"]
[SourceVersionDate "2019.09.30"]
[SourceQuality "1"]
[WhiteTeam "Akcakoca Palamut Bric"]
[BlackTeam "Edeler Gorme Engelliler"]
[WhiteTeamCountry "TUR"]
[BlackTeamCountry "TUR"]

1. e4 e6 2. Nf3 d5 3. exd5 exd5 4. h3 Nf6 5. d4 Bd6 6. Nc3 c6 7. Bd3 0-0 8. Bg5 h6 9. Be3 Be6 10. Qd2 Re8 11. g4 Nbd7 12. g5 hxg5 13. Nxg5 c5 14. Nxe6 Rxe6 15. Bf5 Re8 16. 0-0-0 c4 17. Nb5 c3 18. Nxc3 Bb4 19. Bg5 Qa5 20. a3 Bd6 21. Qd3 a6 22. Qf3 Bxa3 23. bxa3 Qxa3+ 24. Kd2 g6 25. Bxf6 Nxf6 26. Rhg1 Rac8 27. Ra1 Qb4 28. Bxc8 Ne4+ 29. Kc1 Nxc3 0-1